Derecho administrativo : aguas, montes, minas / Aurelio Guaita aguas, montes, minas / Aurelio Guaita
ISBN:
84-7398-209-6
Descripción Física:
390 p. ; 25 cm
MARC
| LEADER | 00000nam a2200000Ia 4500 | ||
|---|---|---|---|
| 001 | 18812 | ||
| 008 | 160829s1982 xx 000 0 cat d | ||
| 020 | |a 84-7398-209-6 | ||
| 080 | |a D-3-153 | ||
| 100 | |a Guaita Martorell, Aurelio |9 44094 | ||
| 245 | |a Derecho administrativo : |b aguas, montes, minas / Aurelio Guaita | ||
| 260 | |a Madrid : |b Civitas, |c 1982 | ||
| 300 | |a 390 p. ; |c 25 cm | ||
| 650 | 0 | |a Dret administratiu |z Espanya |9 23238 | |
| 650 | |a Dret d'aigües |x Espanya |9 32274 | ||
| 650 | |a Dret de mines |x Espanya I |9 44095 | ||
| 650 | |a Muntanyes |x Espanya |x Legislació |9 44096 | ||
| 650 | |a Domini públic |x Espanya |9 44097 | ||
| 901 | |a Arxiu | ||
| 942 | |n 1 | ||
| 952 | |0 1 |1 0 |2 udc |4 0 |5 2 |6 D3153 |7 1 |9 51792 |a Arxiu |b Arxiu |d 2016-12-01 |l 0 |o D-3-153 |p 18812 |r 2016-12-01 00:00:00 |w 2016-12-01 |y ARXIU | ||
| 999 | |c 55638 |d 55638 | ||